000 00334nam a2200145Ia 4500
008 191201s2007 xx 000 0 und d
082 _a331.0954
_bSEI
100 _aSEN, Ratna
245 0 _aIndustrial Relations in India
250 _a1st
260 _aN.Delhi
_bMacmillan
_c2007
300 _a507
650 _aMBA
942 _2ddc
_cBK
999 _c3079
_d3079